Porth Fisiopatología. Alteraciones de la salud. Conceptos básicos

Na minha lista:
Detalhes bibliográficos
Autor principal: Norris,Tommie L. (autor)
Outros Autores: Tuan, Rupa Lalchandani (revisor experto)
Formato: Desconhecido
Publicado em: Barcelona, España: Wolters Kluwer, 2019.
Edição:10.ª edición.
Assuntos:
Tags: Adicionar Tag
Sem tags, seja o primeiro a adicionar uma tag!

MARC

LEADER 00000 a2200000 4500
003 CL-VaPUC
005 20231204100210.0
008 230406t2019 ||||| |||| 00| 0 eng d
020 |a 9788417602093 
040 |c Pontificia Universidad Católica de Valparaíso 
082 7 |a 616.07 NOR 2019  |2 22 
100 |a Norris,Tommie L.  |9 880614  |e autor 
245 |a Porth Fisiopatología.  |b Alteraciones de la salud. Conceptos básicos 
250 |a 10.ª edición.  
260 |a Barcelona, España:  |b Wolters Kluwer,   |c 2019. 
300 |a 1574 páginas;  |b  ilustraciones.  
583 |k GC  |c 20230406 
650 0 |a Fisiopatología  |9 407166 
650 0 |a Fisiología  |9 298004  |x Patologías  
700 |a Tuan, Rupa Lalchandani  |e revisor experto  |9 881264 
942 |2 ddc  |c BK 
999 |c 440143  |d 440141 
952 |0 0  |1 0  |2 ddc  |4 0  |6 616_070000000000000_NOR_2019  |7 0  |8 A  |9 589533  |a BIBCUR  |b BIBCUR  |d 2023-04-06  |e 3  |g 93215.50  |i 5657058  |l 8  |m 1  |o 616.07 NOR 2019  |p 5657058  |r 2025-04-22  |s 2025-04-03  |t 2  |v 93215.50  |w 2023-04-06  |y BK  |k TEM 
952 |0 0  |1 0  |2 ddc  |4 0  |6 616_070000000000000_NOR_2019  |7 0  |8 A  |9 589534  |a BIBCUR  |b BIBCUR  |d 2023-04-06  |e 3  |g 93215.50  |i 5657062  |l 20  |m 1  |o 616.07 NOR 2019  |p 5657062  |r 2025-04-24  |s 2025-04-24  |t 6  |v 93215.50  |w 2023-04-06  |y BK  |k TEM 
952 |0 0  |1 0  |2 ddc  |4 0  |6 616_070000000000000_NOR_2019  |7 0  |8 A  |9 589535  |a BIBCUR  |b BIBCUR  |d 2023-04-06  |e 3  |g 93215.50  |i 5657061  |l 9  |o 616.07 NOR 2019  |p 5657061  |r 2025-04-22  |s 2025-03-28  |t 5  |v 93215.50  |w 2023-04-06  |y BK  |k TEM 
952 |0 0  |1 0  |2 ddc  |4 0  |6 616_070000000000000_NOR_2019  |7 0  |8 A  |9 589536  |a BIBCUR  |b BIBCUR  |d 2023-04-06  |e 3  |g 93215.50  |i 5657060  |l 12  |o 616.07 NOR 2019  |p 5657060  |r 2025-04-22  |s 2023-10-03  |t 4  |v 93215.50  |w 2023-04-06  |y BK  |k TEM 
952 |0 0  |1 0  |2 ddc  |4 0  |6 616_070000000000000_NOR_2019  |7 0  |8 A  |9 589537  |a BIBCUR  |b BIBCUR  |d 2023-04-06  |e 3  |g 93215.50  |i 5657057  |l 10  |m 3  |o 616.07 NOR 2019  |p 5657057  |r 2025-05-06  |s 2025-04-10  |t 1  |v 93215.50  |w 2023-04-06  |y BK  |k TEM 
952 |0 0  |1 0  |2 ddc  |4 0  |6 616_070000000000000_NOR_2019  |7 0  |8 A  |9 589538  |a BIBCUR  |b BIBCUR  |d 2023-04-06  |e 3  |g 93215.50  |i 5657059  |l 8  |m 2  |o 616.07 NOR 2019  |p 5657059  |r 2025-04-22  |s 2023-07-06  |t 3  |v 93215.50  |w 2023-04-06  |y BK  |k TEM 
952 |0 0  |1 0  |2 ddc  |4 0  |6 616_070000000000000_NOR_2019  |7 0  |8 A  |9 592740  |a BIBCUR  |b BIBCUR  |d 2023-12-04  |e 3  |g 88409.00  |i 5659729  |l 9  |o 616.07 NOR 2019  |p 5659729  |r 2025-04-22  |s 2025-04-10  |t 9  |v 88409.00  |w 2023-12-04  |y BK  |k TEM 
952 |0 0  |1 0  |2 ddc  |4 0  |6 616_070000000000000_NOR_2019  |7 0  |8 A  |9 592741  |a BIBCUR  |b BIBCUR  |d 2023-12-04  |e 3  |g 88409.00  |i 5659727  |l 4  |m 2  |o 616.07 NOR 2019  |p 5659727  |q 2025-05-13  |r 2025-05-06  |s 2025-05-06  |t 7  |v 88409.00  |w 2023-12-04  |y BK  |k TEM 
952 |0 0  |1 0  |2 ddc  |4 0  |6 616_070000000000000_NOR_2019  |7 0  |8 A  |9 592742  |a BIBCUR  |b BIBCUR  |d 2023-12-04  |e 3  |g 88409.00  |i 5659728  |l 11  |m 5  |o 616.07 NOR 2019  |p 5659728  |q 2025-05-14  |r 2025-04-30  |s 2025-04-30  |t 8  |v 88409.00  |w 2023-12-04  |y BK  |k TEM